| 000 | 00531nam a2200169 i 4500 | ||
|---|---|---|---|
| 001 | 36082 | ||
| 003 | ES-MaACL | ||
| 005 | 20230906155308.0 | ||
| 007 | t| | ||
| 008 | 030217s1914 fr ||||1| fre d | ||
| 100 | 1 |
_aBraive, Jean. _931307 |
|
| 245 | 1 | 0 |
_aAide _b: mémoire de l'ingénieur-constructeur de béton armé / _cpar Jean Braive ; préface de A. Mesnager. |
| 260 |
_a[S.l. : _bs.n., _c1914] ( _eTours : _fDeslis Frères) |
||
| 300 |
_aXIV, 387 p. ; _c21 cm. |
||
| 700 | 1 |
_aMesnager, A. _980664 |
|
| 852 |
_aES-MaACL _jF-1546 |
||
| 999 |
_c36082 _d36082 |
||